QCM Trouver la population des pays - Statistiques

Statistiques générales
  • Ce quiz a été pris 39 fois
  • Le résultat moyen est 9 sur 20
Statistiques - réponses
Question Réponse % Correct
Quelle est la population de l'Egypte ? 106 437 000
100%
Quelle est la population de la Russie ? 146 781 000
100%
Quelle est la population du Brésil ? 211 716 000
100%
Quelle est la population du Canada ? 38 005 000
100%
Quelle est la population de la France ? 67 848 000
100%
Quelle est la population de Chypre ? 1 267 000
50%
Quelle est la population de la Gambie ? 2 174 000
50%
Quelle est la population de Taïwan ? 23 603 000
50%
Quelle est la population du Koweït ? 2 994 000
50%
Quelle est la population du Belize ? 400 000
50%
Quelle est la population de l'Italie ? 60 360 000
50%
Quelle est la population du Guyana ? 750 000
50%
Quelle est la population des Tuvalu ? 11 000
0%
Quelle est la population de la Guinée ? 12 527 000
0%
Quelle est la population du Kosovo ? 1 920 000
0%
Quelle est la population des Palaos ? 21 000
0%
Quelle est la population de l'Angola ? 32 522 000
0%
Quelle est la population de Monaco ? 38 000
0%
Quelle est la population du Panama ? 4 286 000
0%
Quelle est la population du Brunei ? 464 000
0%
Aucun quiz correspondant
Distribution des résultats
% des personnes avec chaque résultat
Percentile par nombre de réponses
Votre historique - résultats
Vous n’avez pas pris ce quiz